The effects of fishing on non-target species and habitats: biological, conservation and socio-economic issues

Tallennettuna:
Bibliografiset tiedot
Päätekijät: Kaiser, Michel J (Tekijä), Groot, S. J de (Tekijä)
Aineistotyyppi: Kirja
Kieli:englanti
Julkaistu: Oxford Blackwell Science 2000
Aiheet:
Tagit: Lisää tagi
Ei tageja, Lisää ensimmäinen tagi!

MARC

LEADER 00000nam a2200000 a 4500
001 UCO9217
003 CL-VaPUC
008 010125e20000000UK |||||||||||||||||eng|d
082 0 4 |a 333.956  |b KAI  |2 21 
100 |a Kaiser, Michel J  |e author  |9 468306 
700 0 |a Groot, S. J de  |e author  |9 454223 
245 1 4 |a The effects of fishing on non-target species and habitats: biological, conservation and socio-economic issues 
300 |a 399 p 
942 |c BK 
945 |d 20010125 00:00:00  |a vberengu 
260 |a Oxford  |b Blackwell Science  |c 2000 
650 7 |a CONSERVACION DE LOS RECURSOS  |2 CL-VaPUC  |9 335403 
650 0 |a Industria pesquera  |9 255432 
650 0 |a Pesca  |9 258707 
650 0 |a Recursos naturales  |9 255232 
583 |a last modification  |c 20010125 00:00:00  |k Rodrigo Vera 
999 |c 293490  |d 293488 
952 |0 0  |1 0  |4 0  |6 333_956000000000000_KAI_2000  |7 0  |8 CCM  |9 345054  |a BIBCUR  |b BIBCUR  |d 2019-11-20  |i 3688186  |o 333.956 KAI 2000  |p 3688186  |r 2025-04-22  |w 2019-11-20  |y BK  |k RNT